| 000 | 00794nas a2200265 4500 | ||
|---|---|---|---|
| 001 | BR0300131 | ||
| 003 | BR-BrBNA | ||
| 005 | 20231205103457.0 | ||
| 007 | ta | ||
| 008 | 230509b bl.|||p| |||| 00| 00por d | ||
| 040 |
_aBR-BrBNA _bpor _cBiblioteca Nacional de Agricultura |
||
| 041 | _a(Pt) | ||
| 072 | _aL52 | ||
| 100 | 1 | _aLuz, R.K. | |
| 100 | 1 | _aReynalte-Tataje, D.A. | |
| 100 | 1 | _aFerreira, A.A. | |
| 100 | 1 | _aZaniboni-Filho, E. | |
| 245 | 1 | _aDesenvolvimento embrionário e estágios larvais do mandi-amarelo Pimelodus maculatus | |
| 650 | _aMANDI | ||
| 650 | _aEMBRIOGÊNESE | ||
| 650 | _aALEVINO | ||
| 773 | 0 |
_tBoletim do Instituto de Pesca (Brazil) _xISSN 0046-9939 _g(2001), v. 27(1) p. 49-55 _wBR0300131 |
|
| 909 |
_a202311 _bLúcia _c55 _dLúcia Elande |
||
| 942 |
_2AGRIS _n0 _cANA |
||
| 999 |
_c173080 _d173080 |
||